000
00211 a2200097 4500
001
8322
100
_a
Lenczowski, G
245
_a
The middle east in world affairs
260
_a
_b
Coenel
_c
090
_c
6699
_d
6699
942
_a
NUST-CAE
_c
M
_c
33265
999
_c
243395
_d
243395